000 00223nam a22000857a 4500
008 170616b xxu||||| |||| 00| 0 eng d
100 _93456
_aMenon. N. M
245 _aAsthma. How to control it
260 _aNew Delhi
_bN. B. T
_c2007
999 _c6830
_d6830